Movie Posters By Country - Statistics

General Stats
  • This quiz has been taken 98 times
  • The average score is 12 of 16
Answer Stats
Picture Answer % Correct
United States
96%
China
94%
India
94%
Japan
92%
Germany
89%
Israel
86%
France
85%
Russia
85%
Turkey
83%
United Kingdom
79%
Italy
78%
Mexico
73%
Sweden
62%
Spain
51%
Hungary
40%
Slovenia
6%
No matching quizzes found
Score Distribution
Percent of People with Each Score
Percentile by Number Answered
Your Score History
You have not taken this quiz